| 000 | 00626nam a22002177a 4500 | ||
|---|---|---|---|
| 005 | 20170124110115.0 | ||
| 010 | _aA-386979 | ||
| 020 |
_c39.00 _a0876926294 |
||
| 035 | _aA-386979 | ||
| 037 | _bCen Lib/Ret | ||
| 040 |
_aDPL _bEN |
||
| 082 |
_aS _bMUK |
||
| 100 |
_aMukherjee, Bharati _929818 |
||
| 245 |
_aThe middleman and other stories / _cby Bharati Mukherjee |
||
| 260 |
_aNew Delhi _bPrentice Hall of India _c1989 |
||
| 270 |
_bNew Delhi _aM-97, connaught cirus _e110001 |
||
| 300 |
_a197p. _c21cm(Hb) |
||
| 650 |
_aLiterature--fiction _973063 |
||
| 650 |
_aEnglish stories _926733 |
||
| 942 |
_2ddc _cEN _hS _mMUK |
||
| 999 |
_c130673 _d130673 |
||